Normal view
MARC view
Entry Personal Name
001 - CONTROL NUMBER
- control field: 24095
003 - CONTROL NUMBER IDENTIFIER
- control field: ARRUPE
005 - DATE AND TIME OF LATEST TRANSACTION
- control field: 20160426095724.0
008 - FIXED-LENGTH DATA ELEMENTS
- fixed length control field: 160426|| aca||aabn | a|a d
040 ## - CATALOGING SOURCE
- Original cataloging agency: ARRUPE
- Transcribing agency: ARRUPE
100 ## - HEADING--PERSONAL NAME
- Personal name: Coltart, David
670 ## - SOURCE DATA FOUND
- Source citation: Work cat.: (ARRUPE): Coltart, David, The Struggle Continues, 2016